Le Japon pour les touristes... - Statistiques

Statistiques générales
  • Ce quiz a été pris 47 fois
  • Le résultat moyen est 11 sur 20
Statistiques - réponses
Question Indice Réponses % Correct
Code sur les plaques minéralogiques J
100%
Quelle est la langue officielle ? Japonais
100%
Quelle est la monnaie ? Yen
91%
Quelles sont les principaux lieux touristiques ? K Ville de {Kyoto}
88%
Le principal aéroport est T Tokyo
86%
Dans la capitale quel est le décalage horaire avec Paris ? (+ ou - et chiffre) ex - 10 ou + 3,5 + 7
81%
Combien d'heures (environ) mettrez-vous pour vous y rendre ? (en chiffres) 14
79%
Le suffixe internet est jp
77%
Quel est le climat local ? T Tempéré
77%
Quelles sont les principaux lieux touristiques ? O Ville d'{Osaka}
77%
Achats à faire 2/ Cuiseur à Riz
72%
Quel est le régime du pays ? M C Monarchie constitutionnelle
60%
La religion majoritaire est Shintoïsme
58%
Achats à faire 3/ Chat porte-bonheur Maneki Neko
30%
Quelles sont les principaux lieux touristiques ? N Vieux quartiers de {Nagoya}
26%
Quelles sont les principaux lieux touristiques ? T Temple {Todai-Ji}
12%
Comment se nomme la principale compagnie aérienne locale A N P All Nippon Airways
9%
Achats à faire 4/ Poupée japonaise Daruma
9%
Achats à faire 1/ Bilboquet Kendama
7%
Quelles sont les principaux lieux touristiques ? I Village de {Ine-Cho}
0%
Aucun quiz correspondant
Distribution des résultats
% des personnes avec chaque résultat
Percentile par nombre de réponses
Votre historique - résultats
Vous n’avez pas pris ce quiz